<?xml version="1.0" encoding="UTF-8"?>
<collection xmlns:xsi="http://www.w3.org/2001/XMLSchema-instance" xsi:schemaLocation="http://www.loc.gov/MARC21/slim http://www.loc.gov/standards/marcxml/schema/MARC21slim.xsd" xmlns="http://www.loc.gov/MARC21/slim">
 <record>
  <leader>00000nam a22000004a 4500</leader>
  <controlfield tag="001">UP-8027390931316422134</controlfield>
  <controlfield tag="003">Buklod</controlfield>
  <controlfield tag="005">20251001112657.0</controlfield>
  <controlfield tag="006">m    |o  d |      </controlfield>
  <controlfield tag="007">ta</controlfield>
  <controlfield tag="008">250924s2025    xxu     r    |||| u|eng d</controlfield>
  <datafield tag="040" ind1="0" ind2=" ">
   <subfield code="a">PHARM</subfield>
   <subfield code="e">rda</subfield>
  </datafield>
  <datafield tag="041" ind1="0" ind2=" ">
   <subfield code="a">eng</subfield>
  </datafield>
  <datafield tag="090" ind1="0" ind2="0">
   <subfield code="a">LG 993.5 2025 P5</subfield>
   <subfield code="b">A95</subfield>
  </datafield>
  <datafield tag="100" ind1="1" ind2=" ">
   <subfield code="a">Aujero, Maude Angela</subfield>
   <subfield code="e">author</subfield>
  </datafield>
  <datafield tag="245" ind1="1" ind2="0">
   <subfield code="a">Evaluation of the anticancer potentian of antioxidant-rich fractions in the methanolic leaf extract of  Piper betle L. (Piperraceae)</subfield>
   <subfield code="c">Maude Angela Aujero, Sheanne Kyra P. Cabantac ; Paolo Robert P. Bueno, adviser.</subfield>
  </datafield>
  <datafield tag="264" ind1=" " ind2="0">
   <subfield code="a">Manila</subfield>
   <subfield code="b">Department of Pharmacy, College of Pharmacy, University of the Philippines Manila</subfield>
   <subfield code="c">2025</subfield>
  </datafield>
  <datafield tag="300" ind1=" " ind2=" ">
   <subfield code="a">xvi, 119 leaves</subfield>
   <subfield code="c">30 cm. </subfield>
  </datafield>
  <datafield tag="502" ind1=" " ind2=" ">
   <subfield code="a">Thesis (Bachelor of Science in Pharmaceutical Science)--University of the Philippines Manila, July 2025</subfield>
  </datafield>
  <datafield tag="506" ind1="0" ind2=" ">
   <subfield code="a">available to general public </subfield>
  </datafield>
  <datafield tag="520" ind1="3" ind2=" ">
   <subfield code="a">In the Philippines, cancer is the second highest cause of mortality, and is the leading type of cancer among Filipino women. Despite the high burden, cancer treatment remains challenging as treatment plans vary and side effects pose harm on top of the disease itself. With this, Piper betle (P. betle) was studied through an assay-guided evaluation for its antioxidant activity to ascertain its potential as an anticancer agent. The methanolic leaf extract of P. betle was obtained and subjected to antioxidant assays (FRAP assay and DPPH assay) to determine the solvent fraction with the highest antioxidant activity. The solvent fraction with the highest antioxidant activity was separated using open column chromatography. The pooled fractions (sub-fractions) were further subjected to antioxidant assays and Nitric Oxide radical scavenging assay. The fractions with the highest antioxidant activity was evaluated for its cytotoxicity using the MTT assay. Phytochemical testing revealed the crude extract to contain phenolics, alkaloids, and flavonoids. The ethyl acetate solvent fraction of P. betle provided the highest antioxidant activity in both FRAP assay and the DPPH assay (IC50 = 12.30 μg/mL). Assay for total phenolics via the Folin-Ciocalteu method also revealed the ethyl acetate layer to have the highest total phenolic content at 430.1014 ± 45.36 mg Gallic Acid Equivalent/g (GAE/g). Ethyl acetate was then subjected to semi-purification using open column chromatography. A total of 13 pooled fractions was obtained. Sub-fractions 15-23 (SF 15-23) presented the highest antioxidant activity in the FRAP assay with the highest FeSO4 equivalent of 9.0117 mM FeSO4 /g. It also presented the highest scavenging capacity at 70.8649 ± 1.37% in the DPPH scavenging assay. The Nitric Oxide radical scavenging assay further assessed the ability of SF15-23 to inhibit the production of nitric oxide radicals which yielded a scavenging capacity of 30.7149 ± 2.14%. Based on these results, SF15-23 were chosen for cytotoxicity testing using the MTT assay. MCF-7 breast cancer cell lines treated with SF15-23 showed an inhibition of 94.5114 ± 4.0583% with an IC50 computed at 64.48 μg/mL. Provided with these findings, P. betle was able to demonstrate an anti-cancer potential. Further studies can be done by isolating and characterizing the compounds found in the sub-fractions exhibiting anti-cancer potential. Other cancer cell lines can also be used to explore the cytotoxicity of the active sub-fractions which can be applied in other types of cancer.</subfield>
  </datafield>
  <datafield tag="650" ind1="0" ind2="0">
   <subfield code="a">Piper betle </subfield>
   <subfield code="x">Methanolic extracts </subfield>
   <subfield code="x">Antioxidants </subfield>
   <subfield code="x">Anticancer activity.</subfield>
  </datafield>
  <datafield tag="650" ind1="0" ind2="0">
   <subfield code="a">Antineoplastic agents</subfield>
   <subfield code="x">Plant-derived </subfield>
   <subfield code="x">Phytochemistry </subfield>
   <subfield code="z">Philippines.</subfield>
  </datafield>
  <datafield tag="650" ind1="0" ind2="0">
   <subfield code="a">Medicinal plants </subfield>
   <subfield code="x">Pharmacological evaluation </subfield>
   <subfield code="x">Antioxidants </subfield>
   <subfield code="z">Philippines.</subfield>
  </datafield>
  <datafield tag="700" ind1="1" ind2=" ">
   <subfield code="a">Cabantac Sheanne Kyra P. </subfield>
   <subfield code="e">author .</subfield>
  </datafield>
  <datafield tag="700" ind1="1" ind2=" ">
   <subfield code="a">Bueno, Paolo Robert P. </subfield>
   <subfield code="e">adviser.</subfield>
  </datafield>
  <datafield tag="905" ind1=" " ind2=" ">
   <subfield code="a">FI</subfield>
  </datafield>
  <datafield tag="905" ind1=" " ind2=" ">
   <subfield code="a">UP</subfield>
  </datafield>
  <datafield tag="852" ind1="0" ind2=" ">
   <subfield code="a">UPMNL</subfield>
   <subfield code="b">PHARM</subfield>
   <subfield code="h">LG 993.5 2025 P5</subfield>
   <subfield code="i">A95</subfield>
  </datafield>
  <datafield tag="942" ind1=" " ind2=" ">
   <subfield code="a">Thesis</subfield>
  </datafield>
 </record>
</collection>
